| 000 | 00580nam a2200205Ia 4500 | ||
|---|---|---|---|
| 003 | OSt | ||
| 005 | 20240406111641.0 | ||
| 008 | 210210b1958 xxu||||| |||| 00| 0 eng d | ||
| 040 | _cAL | ||
| 041 | _aeng | ||
| 082 | _a856/151 | ||
| 100 |
_aHANUMANTARAV (G) ಹನುಮಂತರಾವ್ ಜಿ _9159220 |
||
| 245 |
_aTarkashastra 1 _bತರ್ಕಶಾಸ್ತ್ರ ೧ |
||
| 260 |
_aMaisuru _bMaisuru Vishvavidyanilaya _c1958 |
||
| 650 |
_aTarkashastra _9159221 |
||
| 650 |
_a1 _9159222 |
||
| 690 |
_aKannada Miscellaneous _9159223 |
||
| 906 | _a020394 | ||
| 942 |
_2ddc _cBK |
||
| 999 |
_c144543 _d144543 |
||